| 000 | 00593nac a22001811u 4500 | ||
|---|---|---|---|
| 008 | 130121s1999 enk||||| |||| 00| 0 eng d | ||
| 020 | _a052166800X | ||
| 020 | _a9780521668002 | ||
| 082 |
_a031 _222 _bCRY |
||
| 245 |
_aThe Cambridge Paperback Encyclopedia / _c edited by David Crystal. |
||
| 250 | _a3rd ed. | ||
| 260 |
_aCambridge : _b Cambridge University Press, 1999 _c 1999. |
||
| 300 |
_aviii, 1071 p. : _b ill., maps ; _c 23 cm |
||
| 500 | _aPrevious ed.: 1995 | ||
| 650 |
_aEncyclopedias and dictionaries. _931944 |
||
| 700 |
_931945 _aCrystal, David, _d1941- |
||
| 942 |
_cNB _k031 CRY _2ddc |
||
| 999 |
_c3652 _d3652 |
||